000 01750nam0a2200361 4500
001 RU\NLR\b_ik\201976
005 20250613195046.0
035 _a(NLR Aleph) 009997768
090 _a9773366
_c9773366
100 _a20130514d2008 |||y0rusy50 ca
101 0 _aeng
_drus
102 _aRU
105 _aa |||||||||
200 1 _aTest experiment for the neutron EDM search by crystal-diffraction method
_fV.V. Fedorov, M. Jentschel, I.A. Kuznetsov [et al.]
210 _aGatchina
_cПИЯФ
_d2008
215 _a19 с.
_cил.
_d20
225 1 _aPreprint
_fRuss. acad. of sciences, Petersburg nuclear physics inst.
_vПИЯФ-2008 2789
300 _aНа обороте тит. л.: Тестовый эксперимент по поиску ЭДМ нейтрона кристалл-дифракционным методом / В.В. Федоров, М. Джентшел, И.А. Кузнецов [и др.]
300 _aНа обл. надзаг. на рус. яз.
300 _aРез. на рус. яз.
320 _aБиблиогр.: с. 17-19 (26 назв.)
517 0 _aТестовый эксперимент по поиску ЭДМ нейтрона кристалл-дифракционным методом
606 _aНейтроны
_xДипольные моменты электрические
_xПоиск
_xКристалл-дифракционный метод
_92418866
_3RU\NLR\AUTH\661440655
686 1 _aВ382.292.112-42
701 1 _aFedorov
_bV. V.
_gValerij Vadimovič
_4070
701 1 _aJentschel
_bM
_4070
701 1 _aKuznecov
_bI. A.
_4070
801 0 _aRU
_bNLR
_c20130514
_gRCR
801 1 _aRU
_bNLR
_c20130514
942 _cBOOK
980 _aNB